000 00540nam a22002057a 4500
003 NLp
005 20140310183030.0
008 130218t xxu||||| |||| 00| 0 eng d
020 _a1590523393
050 _aBV 4501.3
_b.L948 2004
082 _aM 248.4
_bL948 2004
245 _aWhen God writes your life story
_cLudy, Eric
260 _aSisters, Or.
_bMultnomah Publishers
_cc2004
300 _a238 p.
_c21 cm.
521 _acollege students
526 _c1210L-1700L
541 _j1
562 _e1
942 _2lcc
_cBK
_kFIL
999 _c18435
_d18435